[Event "Barcelona Sant Marti op 8th"]
[Site "Barcelona"]
[Date "2019.02.28"]
[Round "7"]
[White "Abascal Vicente, Ignacio"]
[Black "Pascual Gonzalez, Novelles David"]
[Result "1-0"]
[WhiteElo "1660"]
[BlackElo "1588"]
[PlyCount "31"]
[EventDate "2019.01.17"]
[EventType "swiss"]
[EventRounds "9"]
[EventCountry "ESP"]
[SourceTitle "CBM 189 Extra"]
[Source "ChessBase"]
[SourceDate "2019.06.03"]
[SourceVersion "1"]
[SourceVersionDate "2019.06.03"]
[SourceQuality "1"]

1. e4 e5 2. Nf3 d6 3. Bc4 Be7 4. Nc3 Nf6 5. d4 exd4 6. Nxd4 0-0 7. 0-0 c5 8. Nf3 Be6 9. Bxe6 fxe6 10. e5 Ng4 11. exd6 Bxd6 12. h3 Nf6 13. Bg5 Qb6 14. Bxf6 Rxf6 15. Ne4 Nd7 16. Qxd6 1-0

[Event "Barcelona Sant Marti op 8th"]
[Site "Barcelona"]
[Date "2019.02.14"]
[Round "5"]
[White "Cabrera Marmol, Manel"]
[Black "Pascual Gonzalez, Novelles David"]
[Result "1-0"]
[WhiteElo "1716"]
[BlackElo "1588"]
[PlyCount "57"]
[EventDate "2019.01.17"]
[EventType "swiss"]
[EventRounds "9"]
[EventCountry "ESP"]
[SourceTitle "CBM 189 Extra"]
[Source "ChessBase"]
[SourceDate "2019.06.03"]
[SourceVersion "1"]
[SourceVersionDate "2019.06.03"]
[SourceQuality "1"]

1. e4 e5 2. d4 exd4 3. c3 d3 4. Bxd3 d6 5. Nf3 Nf6 6. Bg5 Be7 7. 0-0 0-0 8. Qe2 Nc6 9. Rd1 Bg4 10. Nbd2 Ne5 11. Bc2 h6 12. Bf4 Nfd7 13. h3 Bh5 14. g4 Nxf3+ 15. Nxf3 Bg6 16. Kg2 Qc8 17. Nd4 Bf6 18. f3 Re8 19. Qf2 Be5 20. Be3 Nc5 21. Nf5 Ne6 22. f4 Bf6 23. h4 Bh7 24. g5 hxg5 25. hxg5 Be7 26. Rh1 Nf8 27. Qh4 Qe6 28. Bd4 Qg6 29. Nxe7+ 1-0

[Event "Barcelona Sant Marti op 8th"]
[Site "Barcelona"]
[Date "2019.02.07"]
[Round "4"]
[White "Pascual Gonzalez, Novelles David"]
[Black "Costa Trave, Jaume"]
[Result "0-1"]
[WhiteElo "1588"]
[BlackElo "1853"]
[PlyCount "76"]
[EventDate "2019.01.17"]
[EventType "swiss"]
[EventRounds "9"]
[EventCountry "ESP"]
[SourceTitle "CBM 189 Extra"]
[Source "ChessBase"]
[SourceDate "2019.06.03"]
[SourceVersion "1"]
[SourceVersionDate "2019.06.03"]
[SourceQuality "1"]

1. e4 e6 2. Nf3 d5 3. exd5 exd5 4. d4 Bd6 5. Bd3 Ne7 6. 0-0 0-0 7. c3 Ng6 8. Be3 Bg4 9. Nbd2 Nd7 10. Qc2 c5 11. Bf5 Nf6 12. dxc5 Be7 13. Bd4 Bxf5 14. Qxf5 Rc8 15. Ne5 Bxc5 16. Bxc5 Rxc5 17. Ndf3 Rb5 18. Nxg6 hxg6 19. Qc2 Rb6 20. Rad1 Rd6 21. Rfe1 b5 22. Nd4 a6 23. Re3 Qd7 24. h3 Re8 25. Rde1 Rxe3 26. Rxe3 Ne4 27. Qe2 f5 28. Nb3 f4 29. Rd3 Qf5 30. Nd2 Re6 31. Nxe4 dxe4 32. Rd8+ Kh7 33. Qg4 Qf6 34. Rf8 Qxf8 35. Qxe6 Qf5 36. Qxa6 e3 37. fxe3 fxe3 38. Qb6 e2 0-1

[Event "Barcelona Sant Marti op-B 18th"]
[Site "Barcelona"]
[Date "2016.07.16"]
[Round "4.52"]
[White "Pascual Gonzalez, Novelles David"]
[Black "Bernat Mor, Juli"]
[Result "1-0"]
[WhiteElo "1650"]
[BlackElo "1239"]
[PlyCount "43"]
[EventDate "2016.07.13"]
[EventType "swiss"]
[EventRounds "9"]
[EventCountry "ESP"]
[SourceTitle "EXT 2024"]
[Source "ChessBase"]
[SourceDate "2023.10.10"]
[SourceVersion "1"]
[SourceVersionDate "2023.10.10"]
[SourceQuality "1"]

1. e4 c6 2. Nc3 d5 3. d4 dxe4 4. Nxe4 Bf5 5. Ng3 Bg6 6. Nf3 Nd7 7. Bc4 e6 8. 0-0 Ngf6 9. c3 Be7 10. Ne5 Nxe5 11. dxe5 Nd5 12. f4 f5 13. exf6 Bxf6 14. f5 exf5 15. Qe2+ Kf8 16. Nxf5 Qd7 17. Nd4 Re8 18. Qf2 h5 19. Bg5 Qf7 20. Bxd5 cxd5 21. Bxf6 Bd3 22. Bxg7+ 1-0

[Event "Barcelona Sant Marti op-B 18th"]
[Site "Barcelona"]
[Date "2016.07.15"]
[Round "3.33"]
[White "Ritter Aguilar, Jordi"]
[Black "Pascual Gonzalez, Novelles David"]
[Result "1-0"]
[WhiteElo "1868"]
[BlackElo "1650"]
[PlyCount "43"]
[EventDate "2016.07.13"]
[EventType "swiss"]
[EventRounds "9"]
[EventCountry "ESP"]
[SourceTitle "EXT 2024"]
[Source "ChessBase"]
[SourceDate "2023.10.10"]
[SourceVersion "1"]
[SourceVersionDate "2023.10.10"]
[SourceQuality "1"]

1. e4 e5 2. Nf3 d6 3. d4 exd4 4. Qxd4 Nc6 5. Bb5 Bd7 6. Bxc6 Bxc6 7. Nc3 Nf6 8. Bg5 Be7 9. 0-0-0 0-0 10. h3 h6 11. Bh4 Re8 12. Rhe1 Nh7 13. Bxe7 Rxe7 14. e5 Bxf3 15. gxf3 Qe8 16. Nd5 Rd7 17. exd6 Qf8 18. dxc7 Kh8 19. f4 Nf6 20. Qe5 Rd6 21. Nxf6 Rxf6 22. Qe7 1-0

[Event "Barcelona Sant Marti op-B 4th"]
[Site "Barcelona"]
[Date "2015.02.12"]
[Round "5"]
[White "Pascual Gonzalez, Novelles David"]
[Black "Poyato Ruiz, Fernando"]
[Result "0-1"]
[WhiteElo "1857"]
[BlackElo "1964"]
[PlyCount "86"]
[EventDate "2015.01.15"]
[EventType "swiss"]
[EventRounds "9"]
[EventCountry "ESP"]
[SourceTitle "EXT 2016"]
[Source "ChessBase"]
[SourceDate "2015.10.08"]
[SourceVersion "1"]
[SourceVersionDate "2015.10.08"]
[SourceQuality "1"]

1. e4 e6 2. Nf3 d5 3. exd5 exd5 4. d4 Bd6 5. Nc3 c6 6. Bd3 Ne7 7. 0-0 0-0 8. Ng5 Bf5 9. f4 f6 10. Bxf5 fxg5 11. Be6+ Kh8 12. f5 Ng8 13. Qg4 h6 14. Ne2 Nf6 15. Qh3 Ne4 16. Ng3 Bxg3 17. hxg3 Na6 18. c3 Nc7 19. Be3 Qd6 20. Kh2 Rf6 21. Rf3 Nxe6 22. fxe6 Rxe6 23. Raf1 Kg8 24. Kg1 Nf6 25. g4 Rae8 26. Bf2 Ne4 27. Be3 Rf6 28. Rf5 Ref8 29. R1f3 Qe6 30. Re5 Qf7 31. Rff5 Nd6 32. Rxf6 gxf6 33. Rf5 Nxf5 34. gxf5 Kg7 35. g4 Re8 36. Kf2 Re4 37. Qg3 h5 38. gxh5 Qxh5 39. Qc7+ Qf7 40. Qg3 Qe7 41. Qf3 Rxe3 42. Qxe3 Qxe3+ 43. Kxe3 Kh6 0-1

[Event "Barcelona Sant Marti op-B 16th"]
[Site "Barcelona"]
[Date "2014.07.21"]
[Round "9"]
[White "Clifford, Neil"]
[Black "Pascual Gonzalez, Novelles David"]
[Result "1-0"]
[WhiteElo "1923"]
[BlackElo "1855"]
[PlyCount "91"]
[EventDate "2014.07.13"]
[EventType "swiss"]
[EventRounds "9"]
[EventCountry "ESP"]
[SourceTitle "CBM 161 Extra"]
[Source "ChessBase"]
[SourceDate "2014.08.29"]
[SourceVersion "1"]
[SourceVersionDate "2014.08.29"]
[SourceQuality "1"]

1. e4 e5 2. Nc3 Nf6 3. f4 exf4 4. e5 Ng8 5. Nf3 Be7 6. Bc4 Bh4+ 7. Kf1 h6 8. d4 d6 9. exd6 cxd6 10. Qe2+ Be7 11. Bxf4 Nf6 12. Re1 a6 13. Ne4 0-0 14. Bd3 d5 15. Nxf6+ Bxf6 16. Qd2 Bg4 17. Ne5 Bxe5 18. Bxe5 Nd7 19. Qf4 Nxe5 20. Rxe5 f6 21. Re1 Qd7 22. h3 f5 23. Re5 Qc7 24. Kf2 Rae8 25. Rhe1 Rxe5 26. Qxe5 Qxe5 27. Rxe5 Bh5 28. Rxf5 Be8 29. Kf3 Rxf5+ 30. Bxf5 Kf7 31. Kf4 Kf6 32. Bg4 h5 33. Bf3 Bf7 34. Ke3 b5 35. c3 a5 36. Bd1 h4 37. a4 bxa4 38. Bxa4 Bg6 39. b4 axb4 40. cxb4 Bf5 41. Bd1 Bd7 42. Be2 Bc6 43. b5 Bb7 44. Bg4 g5 45. Kf3 Ke7 46. Bf5 1-0